Neuere deutschsprachige Bücher - Ordne den Autor zu - Statistiken

Allgemein
  • Dieses Quiz wurde 334 mal gespielt
  • Das Durchschnittsergebnis liegt bei 5 aus 15
Antwortstatistiken
Hint Antwort % Korrekt
Der Augensammler Sebastian Fitzek
58%
Der Vorleser Bernhard Schlink
50%
Unterleuten Juli Zeh
44%
Tschick Wolfgang Herrndorf
44%
Die Vermessung der Welt Daniel Kehlmann
41%
Vom Ende der Einsamkeit Benedict Wells
39%
Herkunft Saša Stanišić
29%
Mängelexemplar Sarah Kuttner
24%
Panikherz Benjamin von Stuckrad-Barre
23%
Atemschaukel Herta Müller
23%
Faserland Christian Kracht
22%
Wann wird es endlich wieder so, wie es nie war Joachim Meyerhoff
21%
Schlafes Bruder Robert Schneider
18%
Axolotl Roadkill Helene Hegemann
16%
Blackbird Matthias Brandt
16%
Keine übereinstimmenden Quizze gefunden
Verteilung der Resultate
Anzahl Personen mit jedem Resultat
Perzentil nach korrekt beantworteten Fragen
Ihre Resultats-Entwicklung
Sie haben dieses Quiz noch nicht gespielt